Kulturpolitik in Thüringen : (Record no. 70048)

MARC details
000 -LEADER
fixed length control field 05223nam a22008655i 4500
005 - DATE AND TIME OF LATEST TRANSACTION
control field 20230718140300.0
006 - FIXED-LENGTH DATA ELEMENTS--ADDITIONAL MATERIAL CHARACTERISTICS
fixed length control field m|||||o||d||||||||
007 - PHYSICAL DESCRIPTION FIXED FIELD--GENERAL INFORMATION
fixed length control field cr || ||||||||
008 - FIXED-LENGTH DATA ELEMENTS--GENERAL INFORMATION
fixed length control field 220629t20192018gw fo d z ger d
010 ## - LIBRARY OF CONGRESS CONTROL NUMBER
LC control number 2018440415
020 ## - INTERNATIONAL STANDARD BOOK NUMBER
International Standard Book Number 9783839442555
040 ## - CATALOGING SOURCE
Original cataloging agency DE-B1597
Language of cataloging eng
Transcribing agency DE-B1597
Description conventions rda
041 0# - LANGUAGE CODE
Language code of text/sound track or separate title ger
050 00 - LIBRARY OF CONGRESS CALL NUMBER
Classification number NX750.G3
Item number F56 2018
050 #4 - LIBRARY OF CONGRESS CALL NUMBER
Classification number NX750.G3
Item number F56 2018
082 04 - DEWEY DECIMAL CLASSIFICATION NUMBER
Classification number 306.094322
Edition number 23
100 1# - MAIN ENTRY--PERSONAL NAME
Personal name Flohr, Michael,
Relator term author.
Relator code aut
-- http://id.loc.gov/vocabulary/relators/aut
245 10 - TITLE STATEMENT
Title Kulturpolitik in Thüringen :
Remainder of title Praktiken - Governance - Netzwerke /
Statement of responsibility, etc. Michael Flohr.
264 #1 - PRODUCTION, PUBLICATION, DISTRIBUTION, MANUFACTURE, AND COPYRIGHT NOTICE
Place of production, publication, distribution, manufacture Bielefeld :
Name of producer, publisher, distributor, manufacturer transcript Verlag,
Date of production, publication, distribution, manufacture, or copyright notice [2019]
264 #4 - PRODUCTION, PUBLICATION, DISTRIBUTION, MANUFACTURE, AND COPYRIGHT NOTICE
Date of production, publication, distribution, manufacture, or copyright notice ©2018
300 ## - PHYSICAL DESCRIPTION
Extent 1 online resource (398 p.)
336 ## - CONTENT TYPE
Content type term text
Content type code txt
Source rdacontent
337 ## - MEDIA TYPE
Media type term computer
Media type code c
Source rdamedia
338 ## - CARRIER TYPE
Carrier type term online resource
Carrier type code cr
Source rdacarrier
347 ## - DIGITAL FILE CHARACTERISTICS
File type text file
Encoding format PDF
Source rda
490 0# - SERIES STATEMENT
Series statement Edition Politik ;
Volume/sequential designation 58
505 00 - FORMATTED CONTENTS NOTE
Title Frontmatter --
-- Inhalt --
-- Vorwort --
-- 1. Konzeption der Arbeit und begriffliche Vorbemerkungen --
-- 1.1 Erkenntnisziel und Fragestellungen --
-- 1.2 Thüringen als Forschungsgegenstand --
-- 1.3 Begriffsdefinitionen --
-- 1.4 Politikfeldanalyse als theoretische Grundlage --
-- 1.5 Forschungsdesign: Dokumente, Interviews, Netzwerkanalyse --
-- 2. Kulturpolitik in Deutschland seit 1945 --
-- 2.1 Kultur für den Staat: die kulturpolitische policy der DDR --
-- 2.2 Kultur im Staat: die kulturpolitische policy der BRD und des wiedervereinigten Deutschlands --
-- 2.3 Polity und politics der Kulturpolitik in Deutschland --
-- 3. Bestandsaufnahme der Landeskulturpolitik in Thüringen --
-- 3.1 Die verstreute Verwaltung kultureller Angelegenheiten --
-- 3.2 Handlungsbereiche der Kulturpolitik --
-- 3.3 Strukturierung und Konzeption der Kulturförderung --
-- 4. Ergebnisse der empirischen Erhebungen --
-- 4.1 Quantitative Methoden: Netzwerkerhebung und -analyse --
-- 4.2 Qualitative Methoden: Interview und qualitative Inhaltsanalyse --
-- 4.3 Motivationale Aspekte der Handlungsorientierung --
-- 4.4 Kognitive Aspekte der Handlungsorientierung --
-- 4.5 Interaktionsformen in der Regierungskoalition und im Landtag --
-- 4.6 Das kulturpolitische policy-Netzwerk --
-- 5. Resümee und Ausblick --
-- Literatur --
-- Abbildungs- und Tabellenverzeichnis --
-- Anhang
506 0# - RESTRICTIONS ON ACCESS NOTE
Standardized terminology for access restriction unrestricted online access
Source of term star
520 ## - SUMMARY, ETC.
Summary, etc. A comprehensive analysis of the ways, networks and structures of cultural politics on state level which shows that cultural politics currently experience a crisis concerning their purpose and structure that is inherent in the system.
520 ## - SUMMARY, ETC.
Summary, etc. Kaum ein Politikfeld ist so heterogen zusammengesetzt, normativ aufgeladen und von symbolischen Handlungen geprägt wie die Kulturpolitik. Über die Funktionsweise dieses Feldes liegen bislang nur vereinzelte politikwissenschaftliche Studien vor. Michael Flohr wählt das selbsternannte »Kulturland Thüringen« als Fallbeispiel, um Handlungsfelder, Praktiken, Governance-Formen und Netzwerke in der Kulturpolitik zu untersuchen. Die Analyse stützt sich auf eine umfangreiche qualitative und quantitative Datenbasis und belegt: Kulturpolitik befindet sich in einer systemimmanenten Sinn- und Strukturkrise.
536 ## - FUNDING INFORMATION NOTE
Text of note funded by FAZIT-Stiftung
538 ## - SYSTEM DETAILS NOTE
System details note Mode of access: Internet via World Wide Web.
540 ## - TERMS GOVERNING USE AND REPRODUCTION NOTE
Terms governing use and reproduction This eBook is made available Open Access under a CC BY-NC-ND 4.0 license:
Uniform Resource Identifier <a href="https://creativecommons.org/licenses/by-nc-nd/4.0 ">https://creativecommons.org/licenses/by-nc-nd/4.0 </a>
-- <a href="https://www.degruyter.com/dg/page/open-access-policy">https://www.degruyter.com/dg/page/open-access-policy</a>
546 ## - LANGUAGE NOTE
Language note In German.
588 0# - SOURCE OF DESCRIPTION NOTE
Source of description note Description based on online resource; title from PDF title page (publisher's Web site, viewed 29. Jun 2022)
650 #0 - SUBJECT ADDED ENTRY--TOPICAL TERM
Topical term or geographic name entry element Education and state
Geographic subdivision Germany
-- Thuringia.
650 #4 - SUBJECT ADDED ENTRY--TOPICAL TERM
Topical term or geographic name entry element Governance.
650 #4 - SUBJECT ADDED ENTRY--TOPICAL TERM
Topical term or geographic name entry element Kommunalpolitik.
650 #4 - SUBJECT ADDED ENTRY--TOPICAL TERM
Topical term or geographic name entry element Kultur.
650 #4 - SUBJECT ADDED ENTRY--TOPICAL TERM
Topical term or geographic name entry element Kulturfinanzierung.
650 #4 - SUBJECT ADDED ENTRY--TOPICAL TERM
Topical term or geographic name entry element Kulturförderung.
650 #4 - SUBJECT ADDED ENTRY--TOPICAL TERM
Topical term or geographic name entry element Kulturmanagement.
650 #4 - SUBJECT ADDED ENTRY--TOPICAL TERM
Topical term or geographic name entry element Kulturverwaltung.
650 #4 - SUBJECT ADDED ENTRY--TOPICAL TERM
Topical term or geographic name entry element Kulturwirtschaft.
650 #4 - SUBJECT ADDED ENTRY--TOPICAL TERM
Topical term or geographic name entry element Kunst.
650 #4 - SUBJECT ADDED ENTRY--TOPICAL TERM
Topical term or geographic name entry element Landespolitik.
650 #4 - SUBJECT ADDED ENTRY--TOPICAL TERM
Topical term or geographic name entry element Netzwerkanalyse.
650 #4 - SUBJECT ADDED ENTRY--TOPICAL TERM
Topical term or geographic name entry element Netzwerke.
650 #4 - SUBJECT ADDED ENTRY--TOPICAL TERM
Topical term or geographic name entry element Netzwerkforschung.
650 #4 - SUBJECT ADDED ENTRY--TOPICAL TERM
Topical term or geographic name entry element Politik.
650 #4 - SUBJECT ADDED ENTRY--TOPICAL TERM
Topical term or geographic name entry element Politikfeldforschung.
650 #4 - SUBJECT ADDED ENTRY--TOPICAL TERM
Topical term or geographic name entry element Thüringen.
650 #7 - SUBJECT ADDED ENTRY--TOPICAL TERM
Topical term or geographic name entry element BUSINESS & ECONOMICS / Management.
Source of heading or term bisacsh
653 ## - INDEX TERM--UNCONTROLLED
Uncontrolled term Art.
653 ## - INDEX TERM--UNCONTROLLED
Uncontrolled term Cultural Administration.
653 ## - INDEX TERM--UNCONTROLLED
Uncontrolled term Cultural Funding.
653 ## - INDEX TERM--UNCONTROLLED
Uncontrolled term Cultural Industry.
653 ## - INDEX TERM--UNCONTROLLED
Uncontrolled term Cultural Management.
653 ## - INDEX TERM--UNCONTROLLED
Uncontrolled term Culture.
653 ## - INDEX TERM--UNCONTROLLED
Uncontrolled term Financing Culture.
653 ## - INDEX TERM--UNCONTROLLED
Uncontrolled term Governance.
653 ## - INDEX TERM--UNCONTROLLED
Uncontrolled term Local Affairs.
653 ## - INDEX TERM--UNCONTROLLED
Uncontrolled term Network Analysis.
653 ## - INDEX TERM--UNCONTROLLED
Uncontrolled term Network Research.
653 ## - INDEX TERM--UNCONTROLLED
Uncontrolled term Networks.
653 ## - INDEX TERM--UNCONTROLLED
Uncontrolled term Policy Analysis.
653 ## - INDEX TERM--UNCONTROLLED
Uncontrolled term Politics.
653 ## - INDEX TERM--UNCONTROLLED
Uncontrolled term Regional Politics.
710 2# - ADDED ENTRY--CORPORATE NAME
Corporate name or jurisdiction name as entry element FAZIT-Stiftung
Relator term funder.
Relator code fnd
-- http://id.loc.gov/vocabulary/relators/fnd
776 0# - ADDITIONAL PHYSICAL FORM ENTRY
Qualifying information print
International Standard Book Number 9783837642551
856 40 - ELECTRONIC LOCATION AND ACCESS
Uniform Resource Identifier <a href="https://doi.org/10.1515/9783839442555?locatt=mode:legacy">https://doi.org/10.1515/9783839442555?locatt=mode:legacy</a>
Public note Open Access
-- 0
856 40 - ELECTRONIC LOCATION AND ACCESS
Uniform Resource Identifier <a href="https://www.degruyter.com/isbn/9783839442555">https://www.degruyter.com/isbn/9783839442555</a>
Public note Open Access
-- 0
856 42 - ELECTRONIC LOCATION AND ACCESS
Materials specified Cover
Uniform Resource Identifier <a href="https://www.degruyter.com/document/cover/isbn/9783839442555/original">https://www.degruyter.com/document/cover/isbn/9783839442555/original</a>
942 ## - ADDED ENTRY ELEMENTS (KOHA)
Koha item type E-Book
Holdings
Withdrawn status Damaged status Not for loan Home library Current library Date acquired Total Checkouts Date last seen Price effective from Koha item type
      De Gruyter De Gruyter 12/29/2022   12/29/2022 12/29/2022 E-Book

University of Rizal System
Email us at univlibservices@urs.edu.ph

Visit our Website www.urs.edu.ph/library